000 00527nam a2200193Ia 4500
005 20250508164523.0
008 008 250505s9999 xx 000 0 hin d
037 _aTextual
040 _aFEDL
_beng
_cFEDL
041 _ahin
_2eng
084 _a370, BHA
_qFEDL
245 0 _aSampurna saksharta abhiyan
245 0 _cBharat Gyan Vigyan Samiti
260 _aDelhi, India
_bBharat Gyan Vigyan Samiti
_c1993
546 _aMACESE
650 _aEducation
942 _cTEXL
_h370, BHA
999 _c1389561
_d1389561